Central Library OPAC University of Rajshahi

The nature of metaphysical thinking / (Record no. 1244)

MARC details
000 -LEADER
fixed length control field 00743nam a2200265 4500
001 - CONTROL NUMBER
control field 1244
003 - CONTROL NUMBER IDENTIFIER
rucl marc code BD-RjUL
005 - DATE AND TIME OF LATEST TRANSACTION
control field 20211208233311.0
008 - FIXED-LENGTH DATA ELEMENTS--GENERAL INFORMATION
fixed length control field 131125r19611945enk b 000 0 eng d
035 ## - SYSTEM CONTROL NUMBER
System control number (BD-RjUL)1266
040 ## - CATALOGING SOURCE
Original cataloging agency DLC
Transcribing agency DLC
Modifying agency DLC
Language of cataloging eng
041 ## - LANGUAGE CODE
Language code of text/sound track or separate title eng
082 00 - DEWEY DECIMAL CLASSIFICATION NUMBER
Classification number 110
Edition number 19
Author mark and year EMN
100 1# - MAIN ENTRY--PERSONAL NAME
Personal name Emmet, Dorothy Mary,
Dates associated with a name 1904-
9 (RLIN) 3663
245 14 - TITLE STATEMENT
Title The nature of metaphysical thinking /
Statement of responsibility, etc. Dorothy Emmet.
250 ## - EDITION STATEMENT
Edition statement [1st ed.] reprinted.
260 ## - PUBLICATION, DISTRIBUTION, ETC. (IMPRINT)
Place of publication, distribution, etc. London ;
Name of publisher, distributor, etc. Macmillan :
Place of publication, distribution, etc. New York;
Name of publisher, distributor, etc. St. Martin's P.,
Date of publication, distribution, etc. 1961.
300 ## - PHYSICAL DESCRIPTION
Pagination xi, 238 p. ;
Size 22 cm.
490 0# - SERIES STATEMENT
Series statement Papermac
504 ## - BIBLIOGRAPHY, ETC. NOTE
Bibliography, etc Bibliographical footnotes.
650 #0 - SUBJECT ADDED ENTRY--TOPICAL TERM
Topical term or geographic name as entry element Metaphysics.
9 (RLIN) 2787
942 ## - ADDED ENTRY ELEMENTS (KOHA)
Source of classification or shelving scheme Dewey Decimal Classification
Koha item type Books
Holdings
Lost status Source of classification or shelving scheme Damaged status Not for loan Collection code Permanent Location Current Location Shelving location Date acquired Source of acquisition Cost, normal purchase price Total Checkouts Full call number Date last seen Copy number Koha item type
  Dewey Decimal Classification   Not For Loan Non-fiction Central Library, University of Rajshahi Central Library, University of Rajshahi Reading Room 30/04/1964 Zeittinger 16.00   110 EMN 1961 25/11/2013 C-1 Books
  Dewey Decimal Classification     Non-fiction Central Library, University of Rajshahi Central Library, University of Rajshahi   30/04/1964 Zeittinger 16.00   110 EMN 1961 25/11/2013 C-2 Books
  Dewey Decimal Classification     Non-fiction Central Library, University of Rajshahi Central Library, University of Rajshahi   20/01/1965 Zetlinger 16.00   110 EMN 29/03/2014 C-6 Books
  Dewey Decimal Classification     Non-fiction Central Library, University of Rajshahi Central Library, University of Rajshahi   30/04/1964 zeithinger 16.00   110 EMN 1961 30/03/2014 C-3 Books
  Dewey Decimal Classification     Non-fiction Central Library, University of Rajshahi Central Library, University of Rajshahi   10/05/1968 Zitlinger 21.00   110 EMN 1963 30/03/2014 C-10 Books
  Dewey Decimal Classification     Non-fiction Central Library, University of Rajshahi Central Library, University of Rajshahi   10/05/1968 Zitlinger 21.00   110 EMN 1963 30/03/2014 C-9 Books
  Dewey Decimal Classification     Non-fiction Central Library, University of Rajshahi Central Library, University of Rajshahi   30/10/1965 Zeitlinger 21.00   110 EMN 1961 30/03/2014 C-4 Books
  Dewey Decimal Classification     Non-fiction Central Library, University of Rajshahi Central Library, University of Rajshahi   30/10/1965 Zeitlinger 21.00   110 EMN 1961 30/03/2014 C-5 Books
  Dewey Decimal Classification     Non-fiction Central Library, University of Rajshahi Central Library, University of Rajshahi   30/10/1965 Zeitlinger 21.00   110 EMN 1961 30/03/2014 C-7 Books
  Dewey Decimal Classification     Non-fiction Central Library, University of Rajshahi Central Library, University of Rajshahi   30/10/1965 Zeitlinger 21.00   110 EMN 1961 30/03/2014 C-8 Books